00397nam a2200109Ia 4500008004100000020001800041245006100059260002200120650009200142650001200234856004100246171212s9999 xx 000 0 und d a9781921934292 ceditor A. Haroon Akram-Lodhi, aConfronting Fiji Futures bANU E Pressc2016 aFiji -- Politics and government; Fiji -- Economic conditions; Fiji -- Social conditions aHistory uhttp://jstor.org/stable/j.ctt1bgzbq3